000 01091nam a2200253 i 4500
001 182604
003 ES-MaACL
005 20250817062600.0
008 131002s2012 sp a | |||||||| | spa d
020 _a978-84-7075-602-3
080 _a7(410)(083.824)
245 0 3 _aLa isla del tesoro :
_barte británico de Holbein a Hockney : [exposición] Fundación Juan March, Madrid, 5 de octubre de 2012, 20 de enero de 2013 /
_c[Richard Humphreys, comisario invitado ; textos, Fundación Juan March ... et al.].
260 _aMadrid :
_bFundación Juan March :
_bEditorial de Arte y Ciencia,
_c[2012]
300 _aXXVII, 333 p. :
_bprincipalmente il. col. y n. ;
_c31 cm.
500 _aCronología: p. 314-316. Índices.
504 _aBibliografía: p. 327-330.
650 4 _aArte británico-
_vExposiciones.
_9153100
655 7 _2tgfbne
_9193628
_aCatálogos de exposiciones
700 1 _aHumphreys, Richard.
_9153519
710 2 _aFundación Juan March
_94346
852 _aES-MaACL
_jA-12846
_9189520
_bR.149071
_cDEPO1
_dOlim: N-5846
942 _2udc
_cMONOGRAFIA
999 _c182604
_d182604